00753nam a22002177a 4500003000500000005001700005008004100022010000900063011001000072035001000082040000900092100003300101245016000134260004000294300001000334502007500344650002100419650003200440650003400472700002900506CHAP20220329133723.0971013s1994 r 00010 d a9944 a10916 a10154 cCHAP00aSalas Barboza, Jose Enrique. aPredicción de valores genéticos para producción de leche y análisis del comportamiento reproductivo en un hato Holstein de Ciudad Guzmán, Jalisco aChapingo, Méx. :bEl autor,c1994 a67 h. aTesis (ing. Agr. Esp. en Zootecnia) -- UACH. Departamento de Zootecnia14aGanado Holstein.14aGanado lecheroxGenética.14aGanado lecheroxMejoramiento.0 aTrejo Vidaña, Félix.